书目信息 |
| 题名: |
学前社会教育
|
|
| 作者: | 李玮 , 许丹彤 , 朱陶 主编 | |
| 分册: | ||
| 出版信息: | 天津 南开大学出版社 2019.10 |
|
| 页数: | 204页 | |
| 开本: | 26cm | |
| 丛书名: | ||
| 单 册: | ||
| 中图分类: | G611 | |
| 科图分类: | ||
| 主题词: | 学前教育--社会教育--高等职业教育--教材 | |
| 电子资源: | ||
| ISBN: | 978-7-310-03985-2 | |
| 000 | 00940nam0 2200253 45 | |
| 001 | 012001001383 | |
| 005 | 20140820171702.0 | |
| 010 | @a978-7-310-03985-2@dCNY36.00 | |
| 100 | @a20181019d2012 em y0chiy0110 ea | |
| 101 | 0 | @achi |
| 102 | @aCN@b120000 | |
| 105 | @ay z 000yy | |
| 106 | @ar | |
| 200 | 1 | @a学前社会教育@Axue qian she hui jiao yu@f李玮, 许丹彤, 朱陶主编 |
| 210 | @a天津@c南开大学出版社@d2019.10 | |
| 215 | @a204页@d26cm | |
| 330 | @a本书以学前教育理论为依据,以教育教学改革成果为基础,以学前教育实际工作要求为目标,注重人才培养目标和学前教育专业特点的有机结合。教材知识深度以够用为度,根据幼儿园教学实际工作需要,培养学生的工作能力,使学生能够适应工作岗位的要求。 | |
| 606 | 0 | @a学前教育@x社会教育@x高等职业教育@j教材 |
| 690 | @aG611@v5 | |
| 701 | 0 | @a李玮@Ali wei@4主编 |
| 701 | 0 | @a许丹彤@Axu dan tong@4主编 |
| 701 | 0 | @a朱陶@Azhu tao@4主编 |
| 801 | @aCN@bAHXH@c20210922 | |
| 905 | @b1248440-2@dG611@e1823@f3 | |
| 学前社会教育/李玮, 许丹彤, 朱陶主编.-天津:南开大学出版社,2019.10 |
| 204页;26cm |
| ISBN 978-7-310-03985-2:CNY36.00 |
| 本书以学前教育理论为依据,以教育教学改革成果为基础,以学前教育实际工作要求为目标,注重人才培养目标和学前教育专业特点的有机结合。教材知识深度以够用为度,根据幼儿园教学实际工作需要,培养学生的工作能力,使学生能够适应工作岗位的要求。 |
| ● |
| 相关链接 |
|
|
|
|
正题名:学前社会教育
索取号:G611/1823
 
预约/预借
| 序号 | 登录号 | 条形码 | 馆藏地/架位号 | 状态 | 备注 |
| 1 | 1248440 | 212484408 | 第一样本阅览室/ [索取号:G611/1823] | 在馆 | |
| 2 | 1248441 | 212484417 | 第四借阅区/ [索取号:G611/1823] | 在馆 | |
| 3 | 1248442 | 212484426 | 第四借阅区/ [索取号:G611/1823] | 在馆 |